The residential youth care worker in action : (Record no. 16041)

MARC details
000 -LEADER
fixed length control field 01237cam a2200325 a 4500
001 - CONTROL NUMBER
control field 3574763
003 - CONTROL NUMBER IDENTIFIER
control field MUT
005 - DATE AND TIME OF LATEST TRANSACTION
control field 20240606081347.0
008 - FIXED-LENGTH DATA ELEMENTS--GENERAL INFORMATION
fixed length control field 990322s1999 nyu b 001 0 eng
010 ## - LIBRARY OF CONGRESS CONTROL NUMBER
LC control number 99015066
020 ## - INTERNATIONAL STANDARD BOOK NUMBER
International Standard Book Number 0789007010 (alk. paper)
020 ## - INTERNATIONAL STANDARD BOOK NUMBER
International Standard Book Number 0789009129 (soft cover)
040 ## - CATALOGING SOURCE
Transcribing agency MUT
042 ## - AUTHENTICATION CODE
Authentication code pcc
043 ## - GEOGRAPHIC AREA CODE
Geographic area code n-us---
050 00 - LIBRARY OF CONGRESS CALL NUMBER
Classification number HV 863
Item number .B47 1999
082 00 - DEWEY DECIMAL CLASSIFICATION NUMBER
Classification number 362.73/068/3
Edition information 21
100 1# - MAIN ENTRY--PERSONAL NAME
Personal name Bertolino, Bob,
Dates associated with a name 1965-
245 14 - TITLE STATEMENT
Title The residential youth care worker in action :
Remainder of title a collaborative, competency-based approach /
260 ## - PUBLICATION, DISTRIBUTION, ETC.
Place of publication, distribution, etc. New York :
Name of publisher, distributor, etc. Haworth Mental Health Press,
Date of publication, distribution, etc. c1999.
300 ## - PHYSICAL DESCRIPTION
Extent xxiv, 182 p. ;
Dimensions 22 cm.
504 ## - BIBLIOGRAPHY, ETC. NOTE
Bibliography, etc. note Includes bibliographical references (p. [171]-175) and index.
650 #0 - SUBJECT ADDED ENTRY--TOPICAL TERM
Topical term or geographic name entry element Child care workers
General subdivision Training of
Geographic subdivision United States.
650 #0 - SUBJECT ADDED ENTRY--TOPICAL TERM
Topical term or geographic name entry element Group homes for children
Geographic subdivision United States.
650 #0 - SUBJECT ADDED ENTRY--TOPICAL TERM
Topical term or geographic name entry element Group homes for youth
Geographic subdivision United States.
700 1# - ADDED ENTRY--PERSONAL NAME
Personal name Thompson, Kevin,
Dates associated with a name 1966-
906 ## - LOCAL DATA ELEMENT F, LDF (RLIN)
a 7
b cbc
c orignew
d 1
e ocip
f 19
g y-gencatlg
942 ## - ADDED ENTRY ELEMENTS (KOHA)
Source of classification or shelving scheme Library of Congress Classification
Koha item type Books
Holdings
Withdrawn status Lost status Source of classification or shelving scheme Damaged status Not for loan Home library Current library Shelving location Date acquired Source of acquisition Total checkouts Full call number Barcode Date last seen Price effective from Koha item type
    Library of Congress Classification     Murang'a University of Technology Library Murang'a University of Technology Library General stacks 09/03/2018 Donation-TFC   HV 863 .B47 1999 019840 30/08/2024 09/03/2018 Books